000 00405nam a2200169Ia 4500
008 221030s9999 xx 000 0 und d
020 _a8120329133
041 _aEnglish
082 _a105.23
100 _aA. S. Tanenbaum
245 0 _aStructured Comptuer Organization
_cby A. S. Tanenbaum
250 _a5th
260 _bPHI
_aNew Delhi
_c2010
300 _a777
650 _aBE Computer
942 _cBK
999 _c9813
_d9813